000 01496nam0a22002651 4500
001 rc\2194057
005 20110829164409.8
035 _a(NLR Aleph) 006485162
090 _a6074599
_c6074599
100 _a20110829d1979 |||y0rusy50 ca
101 0 _arus
102 _aRU
105 _ay z |||||
200 1 _aМетодические рекомендации по проблеме "Деятельность КПСС по осуществлению внешнеполитической программы, выработанной XXV съездом КПСС"
_e(Материалы в помощь пропагандистам и слушателям системы комс. полит. учебы). 1979-1980 учеб. год
_fДом полит. просвещения Мин. обкома КПБ и др.
_gПодгот.: к. филос. н., доц. Павлюченко А.М. и др.
210 _aМинск
_cБ. и.
_d1979
215 _a58 с.
_d20
300 _aВ надзаг. также: Каф. науч. коммунизма Белорус. гос. технол. ин-та им. С.М. Кирова, Обл. орг. о-ва "Знание"
320 _aБиблиогр. в конце тем
702 1 _aПавлюченко
_bА. М.
_4220
712 0 2 _aМинский обл. дом политического просвещения
_3RU\NLR\AUTH\889939313
801 0 _aRU
_bNLR
_gpsbo
801 1 _aRU
_bELAR
_2rusmarc
852 _aNLR
_j80-4/6248
942 _cBOOK
980 _aNB